| 000 | 01593nam a22003974a 4500 | ||
|---|---|---|---|
| 001 | ebr5007889 | ||
| 003 | CaPaEBR | ||
| 006 | m u | ||
| 007 | cr cn||||||||| | ||
| 008 | 000323s2001 enka sb 001 0 eng | ||
| 010 | _z 00036304 | ||
| 020 | _z0521790948 | ||
| 040 |
_aCaPaEBR _cCaPaEBR |
||
| 035 | _a(OCoLC)559145693 | ||
| 050 | 1 | 4 |
_aHV9230.A6 _bN489 2001eb |
| 082 | 0 | 4 |
_a364.36/09944 _221 |
| 100 | 1 | _aWeatherburn, Donald James. | |
| 245 | 1 | 0 |
_aDelinquent-prone communities _h[electronic resource] / _cDon Weatherburn and Bronwyn Lind. |
| 260 |
_aCambridge, UK ; _aNew York, N.Y., USA : _bCambridge University Press, _c2001. |
||
| 300 |
_ax, 211 p. : _bill. |
||
| 490 | 1 | _aCambridge criminology series | |
| 504 | _aIncludes bibliographical references (p. 189-206) and index. | ||
| 533 |
_aElectronic reproduction. _bPalo Alto, Calif. : _cebrary, _d2013. _nAvailable via World Wide Web. _nAccess may be limited to ebrary affiliated libraries. |
||
| 650 | 0 |
_aJuvenile delinquency _zAustralia _zNew South Wales. |
|
| 650 | 0 | _aJuvenile delinquency. | |
| 650 | 0 |
_aCrime _xEconomic aspects. |
|
| 650 | 0 | _aCrime. | |
| 650 | 0 |
_aJuvenile delinquents _zAustralia _zNew South Wales _xFamily relationships. |
|
| 650 | 0 |
_aJuvenile delinquents _xFamily relationships. |
|
| 650 | 0 | _aCommunity life. | |
| 655 | 7 |
_aElectronic books. _2local |
|
| 700 | 1 | _aLind, Bronwyn. | |
| 710 | 2 | _aebrary, Inc. | |
| 830 | 0 | _aCambridge criminology series. | |
| 856 | 4 | 0 |
_uhttp://site.ebrary.com/lib/rucke/Doc?id=5007889 _zAn electronic book accessible through the World Wide Web; click to view |
| 999 |
_c20062 _d20062 |
||